[Event "5th LCT Open A"]
[Site "Leiden NED"]
[Date "2011.07.08"]
[Round "1"]
[White "Van Halderen, Herman"]
[Black "Tiviakov, Sergei"]
[Result "0-1"]
[WhiteElo "2081"]
[BlackElo "2623"]
[PlyCount "58"]
[EventDate "2011.07.08"]

1. c4 e5 2. Nc3 Nf6 3. g3 d5 4. cxd5 Nxd5 5. Bg2 Nb6 6. Nf3 Nc6 7. O-O Be7 8.
b3 O-O 9. Bb2 f5 10. d3 Bf6 11. e4 f4 12. Ne2 fxg3 13. fxg3 Bg4 14. h3 Bxf3 15.
Rxf3 Qe7 16. Qc2 Rad8 17. Rd1 Bg5 18. Rdf1 Rxf3 19. Rxf3 Qd6 20. a3 a5 21. Kh2
Bf6 22. Qc1 Nd7 23. b4 axb4 24. axb4 Nxb4 25. d4 exd4 26. Nxd4 Ne5 27. Rb3 Nbd3
28. Qa1 Nxb2 29. Nf5 Qd2 0-1

[Event "5th LCT Open A"]
[Site "Leiden NED"]
[Date "2011.07.08"]
[Round "1"]
[White "Spirin, Oleg"]
[Black "Roorda, Thijs"]
[Result "1-0"]
[WhiteElo "2491"]
[BlackElo "2060"]
[PlyCount "81"]
[EventDate "2011.07.08"]

1. d4 Nf6 2. Nf3 g6 3. c4 Bg7 4. g3 O-O 5. Bg2 c5 6. O-O cxd4 7. Nxd4 Nc6 8.
Nc3 Qb6 9. Nc2 d6 10. b3 Bf5 11. Bb2 Rac8 12. Ne3 Qa5 13. Nxf5 Qxf5 14. Qd2
Rfd8 15. Rac1 h5 16. h3 Kh7 17. Rfd1 Bh6 18. e3 Nd7 19. Qe2 Nc5 20. Nd5 Re8 21.
b4 Na4 22. Ba1 Bg7 23. Bxg7 Kxg7 24. f4 Nb6 25. e4 Qd7 26. c5 Nxd5 27. exd5 Nb8
28. Qd3 Kg8 29. Qe4 Qb5 30. f5 g5 31. c6 Na6 32. cxb7 Qxb7 33. a3 Nb8 34. Qe2
Qa6 35. Qxh5 Qxa3 36. Qxg5+ Kf8 37. Qh6+ Kg8 38. Qg5+ Kf8 39. Rxc8 Rxc8 40. Re1
Rc7 41. f6 1-0

[Event "5th LCT Open A"]
[Site "Leiden NED"]
[Date "2011.07.08"]
[Round "1"]
[White "Llaneza Vega, Marcos"]
[Black "Braggaar, Pim"]
[Result "1-0"]
[WhiteElo "2465"]
[BlackElo "2028"]
[PlyCount "47"]
[EventDate "2011.07.08"]

1. e4 e5 2. Nf3 Nc6 3. d4 exd4 4. Bc4 d6 5. Nxd4 Nxd4 6. Qxd4 Qf6 7. Qd3 Be6 8.
Bxe6 Qxe6 9. Qb5+ c6 10. Qxb7 Qxe4+ 11. Be3 Rd8 12. O-O Be7 13. Re1 h5 14. Nc3
Qc4 15. Bg5 f6 16. Re4 Qc5 17. Be3 Qf5 18. Qxc6+ Kf8 19. Re1 g5 20. Bxa7 Rh7
21. Nd5 Rc8 22. Qb7 Rxc2 23. Nxe7 Rxe7 24. Rxe7 1-0

[Event "5th LCT Open A"]
[Site "Leiden NED"]
[Date "2011.07.08"]
[Round "1"]
[White "Hellenberg, Jan"]
[Black "Van Der Wiel, John T.H"]
[Result "0-1"]
[WhiteElo "2024"]
[BlackElo "2451"]
[PlyCount "68"]
[EventDate "2011.07.08"]

1. c4 Nf6 2. g3 c6 3. Bg2 d5 4. Nf3 dxc4 5. a4 Na6 6. Na3 Be6 7. Ng5 Bf5 8.
Nxc4 h6 9. Nf3 e6 10. O-O Be7 11. d3 O-O 12. Bd2 Bh7 13. Ne1 Nd5 14. Nc2 Rc8
15. Rb1 c5 16. N4e3 Qd7 17. Nxd5 exd5 18. Ne3 Nc7 19. b3 b6 20. Bc1 Rfe8 21.
Bb2 Bf8 22. Rc1 d4 23. Nc4 Nd5 24. Re1 Be7 25. Be4 Bg5 26. Ra1 Bxe4 27. dxe4
Rxe4 28. Bc1 Bf6 29. Qd3 Rce8 30. Bd2 Qe6 31. Kf1 Bg5 32. Bxg5 hxg5 33. f3 Qh3+
34. Kg1 Rh4 0-1

[Event "5th LCT Open A"]
[Site "Leiden NED"]
[Date "2011.07.08"]
[Round "1"]
[White "Roosendaal, Chris"]
[Black "Frost, Peter"]
[Result "1-0"]
[WhiteElo "2182"]
[BlackElo "1940"]
[PlyCount "89"]
[EventDate "2011.07.08"]

1. d4 Nf6 2. c4 g6 3. Nc3 Bg7 4. Nf3 O-O 5. g3 d6 6. Bg2 Nc6 7. d5 Na5 8. Nd2
c5 9. O-O a6 10. Rb1 Qc7 11. b3 Rb8 12. Bb2 b5 13. Ba1 Bd7 14. Qc2 bxc4 15.
bxc4 Rxb1 16. Rxb1 Rb8 17. Nd1 Rxb1 18. Qxb1 Qb7 19. Qxb7 Nxb7 20. Bc3 Ne8 21.
Bxg7 Kxg7 22. e4 Nc7 23. f4 Nd8 24. e5 Ne8 25. Nc3 h5 26. Kf2 e6 27. Nde4 f5
28. Ng5 Kf8 29. Ke3 Ke7 30. Kd3 Nf7 31. dxe6 Bxe6 32. Nxe6 Kxe6 33. Bd5+ Ke7
34. exd6+ Nfxd6 35. Na4 Nf6 36. Nxc5 Ng4 37. Nxa6 Nxh2 38. c5 Nc8 39. Bg2 Ng4
40. Nb4 Nf6 41. Nd5+ Nxd5 42. Bxd5 Kf6 43. Bf3 Ke7 44. Kd4 Ke6 45. a4 1-0

[Event "5th LCT Open A"]
[Site "Leiden NED"]
[Date "2011.07.09"]
[Round "2"]
[White "Tiviakov, Sergei"]
[Black "Wilschut, Peter"]
[Result "1-0"]
[WhiteElo "2623"]
[BlackElo "2206"]
[PlyCount "55"]
[EventDate "2011.07.08"]

1. e4 e6 2. d4 d5 3. Nd2 dxe4 4. Nxe4 Nd7 5. Nf3 Ngf6 6. Nxf6+ Nxf6 7. Bd3 Be7
8. O-O O-O 9. Qe2 b6 10. Bf4 Bb7 11. Rad1 Bxf3 12. Qxf3 Qd5 13. Bxc7 Qxf3 14.
gxf3 Nd5 15. Bg3 Rac8 16. c3 Bg5 17. Rfe1 Rfe8 18. Ba6 Rcd8 19. Bb5 Rf8 20. a4
g6 21. a5 h5 22. c4 Nb4 23. axb6 Nc2 24. b7 Nxe1 25. Rxe1 Bf6 26. c5 Bxd4 27.
c6 Bb6 28. c7 1-0

[Event "5th LCT Open A"]
[Site "Leiden NED"]
[Date "2011.07.09"]
[Round "2"]
[White "Polak, Tomas"]
[Black "Van der Marel, Bert"]
[Result "1-0"]
[WhiteElo "2540"]
[BlackElo "2168"]
[PlyCount "75"]
[EventDate "2011.07.08"]

1. d4 Nf6 2. c4 g6 3. Nc3 Bg7 4. e4 d6 5. Nf3 O-O 6. Be2 Bg4 7. Bg5 h6 8. Be3
Bxf3 9. Bxf3 Nfd7 10. Be2 c5 11. d5 Na6 12. O-O Nc7 13. Qd2 Kh7 14. Kh1 b6 15.
f4 Rb8 16. a4 a6 17. h3 Nf6 18. Rad1 Ng8 19. Kh2 Nf6 20. Qc2 Nd7 21. Rf3 Ne8
22. Bd3 Qc7 23. Kh1 Qd8 24. e5 dxe5 25. f5 e4 26. Bxe4 Ne5 27. fxg6+ fxg6 28.
Rxf8 Bxf8 29. Bf4 Bg7 30. Re1 Nxc4 31. Bxg6+ Kh8 32. Bxb8 Qxb8 33. Rxe7 Ned6
34. Qe2 Qf8 35. Bd3 Qf4 36. Bxc4 Nxc4 37. Re8+ Kh7 38. Qd3+ 1-0

[Event "5th LCT Open A"]
[Site "Leiden NED"]
[Date "2011.07.09"]
[Round "2"]
[White "Farrand, Tom"]
[Black "Van Den Doel, Erik"]
[Result "0-1"]
[WhiteElo "2256"]
[BlackElo "2574"]
[PlyCount "70"]
[EventDate "2011.07.08"]

1. e4 c5 2. Nc3 Nc6 3. f4 e6 4. Nf3 d5 5. Bb5 Nge7 6. exd5 exd5 7. Qe2 g6 8.
Qe5 Rg8 9. Bxc6+ bxc6 10. O-O Bg7 11. Qe2 Bg4 12. h3 Bxf3 13. Qxf3 Nf5 14. b3
Qa5 15. Re1+ Kd7 16. a4 Rge8 17. Ba3 Re6 18. Rxe6 fxe6 19. Re1 Re8 20. Qd3 Bd4+
21. Kh2 e5 22. g4 e4 23. Qe2 Nh4 24. Rf1 Nf3+ 25. Rxf3 exf3 26. Qxf3 Qa6 27.
Kg3 Re1 28. g5 Rg1+ 29. Kh2 Qf1 30. Qxf1 Rxf1 31. Kg3 Ra1 32. Bb2 Rg1+ 33. Kf3
Ke6 34. Ba3 Ra1 35. Bb2 Rf1+ 0-1

[Event "5th LCT Open A"]
[Site "Leiden NED"]
[Date "2011.07.09"]
[Round "2"]
[White "Meng, Roger"]
[Black "Howell, David W L"]
[Result "0-1"]
[WhiteElo "2282"]
[BlackElo "2625"]
[PlyCount "76"]
[EventDate "2011.07.08"]

1. e4 c5 2. Nc3 d6 3. f4 g6 4. Nf3 Bg7 5. Bc4 Nc6 6. O-O e6 7. d3 Nge7 8. Qe1
O-O 9. f5 d5 10. Bb3 dxe4 11. f6 exf3 12. fxg7 Kxg7 13. Rxf3 b6 14. Ne4 Nd4 15.
Rh3 h5 16. Qf2 f6 17. Bd2 e5 18. Re3 Nef5 19. Ree1 a5 20. c3 Nxb3 21. axb3 Qxd3
22. b4 Bb7 23. Rad1 Bxe4 24. Bh6+ Nxh6 25. Rxd3 Bxd3 26. bxc5 bxc5 27. Qxc5 a4
28. Qd5 Rfd8 29. Qb7+ Nf7 30. Qe7 Rab8 31. Rd1 Rxb2 32. Qa3 Re2 33. c4 e4 34.
c5 Rb8 35. c6 Rbb2 36. c7 Rxg2+ 37. Kh1 Rxh2+ 38. Kg1 Rbg2# 0-1

[Event "5th LCT Open A"]
[Site "Leiden NED"]
[Date "2011.07.09"]
[Round "2"]
[White "Bakker, Guido"]
[Black "Van Wessel, Rudy"]
[Result "1/2-1/2"]
[WhiteElo "2088"]
[BlackElo "2371"]
[PlyCount "86"]
[EventDate "2011.07.08"]

1. d4 d5 2. c4 c6 3. Nf3 Nf6 4. Nc3 a6 5. e3 b5 6. c5 g6 7. Ne5 Bg7 8. Be2 O-O
9. f4 Nfd7 10. Nd3 a5 11. O-O Na6 12. a3 Re8 13. Bf3 Bb7 14. g4 Nc7 15. Bd2 f6
16. Bg2 e5 17. f5 Bh6 18. Rf3 Qe7 19. Rh3 Bg5 20. Be1 Nf8 21. Bf2 e4 22. Nf4
Bc8 23. fxg6 hxg6 24. Bf1 Ra7 25. Ng2 Nce6 26. Bg3 Rd8 27. Be2 Qe8 28. Nb1 Rg7
29. Qe1 a4 30. Nc3 Nd7 31. Na2 f5 32. Nb4 Nf6 33. Be5 fxg4 34. Rg3 Rh7 35. Qd1
Nxc5 36. h4 Nh5 37. Bxg4 Nxg3 38. Bxg3 Bxg4 39. Qxg4 Bf6 40. Rf1 Nd7 41. Nxc6
Ra8 42. Nb4 Bd8 43. Nxd5 Ra6 1/2-1/2

[Event "5th LCT Open A"]
[Site "Leiden NED"]
[Date "2011.07.09"]
[Round "2"]
[White "Padurariu, Ioana-Smaranda"]
[Black "Llaneza Vega, Marcos"]
[Result "1/2-1/2"]
[WhiteElo "2164"]
[BlackElo "2465"]
[PlyCount "103"]
[EventDate "2011.07.08"]

1. e4 c5 2. Nf3 Nf6 3. Nc3 Nc6 4. d4 cxd4 5. Nxd4 e5 6. Ndb5 d6 7. Bg5 a6 8.
Na3 b5 9. Bxf6 gxf6 10. Nd5 Bg7 11. Bd3 Ne7 12. Nxe7 Qxe7 13. c4 O-O 14. O-O f5
15. Qf3 bxc4 16. Bxc4 Rb8 17. Rab1 Qg5 18. Bd5 fxe4 19. Bxe4 Be6 20. b3 Kh8 21.
Rbd1 Rbd8 22. Bd5 Bg4 23. Qg3 Qh5 24. f3 Bc8 25. Qf2 Rg8 26. Kh1 Bh6 27. Nc4
Bf4 28. g4 Qg6 29. Be4 Qh6 30. Rd3 f5 31. gxf5 Rg5 32. Ne3 Qh3 33. Rg1 Rdg8 34.
Rg4 Bxe3 35. Rxe3 Rxg4 36. fxg4 Qxg4 37. f6 Rf8 38. f7 Qd1+ 39. Kg2 Qg4+ 40.
Kh1 Qe6 41. Qh4 h6 42. Rf3 Kg7 43. Qg3+ Kh8 44. Qh4 Kg7 45. Qg3+ Kh8 46. Qf2
Qg4 47. Qd2 Qh4 48. Qxd6 Qe1+ 49. Kg2 Qe2+ 50. Kg1 Qe1+ 51. Kg2 Qe2+ 52. Kg1
1/2-1/2

[Event "5th LCT Open A"]
[Site "Leiden NED"]
[Date "2011.07.09"]
[Round "2"]
[White "Deepan, Chakkravarthy J"]
[Black "Von Meijenfeldt, Bart"]
[Result "1-0"]
[WhiteElo "2470"]
[BlackElo "2154"]
[PlyCount "65"]
[EventDate "2011.07.08"]

1. e4 c5 2. Nf3 d6 3. d4 cxd4 4. Nxd4 Nf6 5. Nc3 a6 6. Be3 e5 7. Nb3 Be6 8. f3
Be7 9. Qd2 O-O 10. O-O-O Nbd7 11. g4 b5 12. g5 b4 13. Ne2 Ne8 14. f4 a5 15. f5
a4 16. Nbd4 exd4 17. Nxd4 Nc5 18. fxe6 fxe6 19. Nc6 b3 20. Nxd8 bxa2 21. Qd4
a1=Q+ 22. Kd2 Qxd1+ 23. Kxd1 Rxd8 24. Kc1 d5 25. e5 g6 26. h4 Ne4 27. Bh3 Ng7
28. Qb6 a3 29. Bxe6+ Kh8 30. b3 a2 31. Kb2 Ra8 32. Bxd5 Ba3+ 33. Ka1 1-0

[Event "5th LCT Open A"]
[Site "Leiden NED"]
[Date "2011.07.09"]
[Round "2"]
[White "Van Der Wiel, John T.H"]
[Black "Kirana, Marco"]
[Result "1-0"]
[WhiteElo "2451"]
[BlackElo "2150"]
[PlyCount "81"]
[EventDate "2011.07.08"]

1. e4 c6 2. Nf3 d5 3. Nc3 dxe4 4. Nxe4 Nd7 5. Bc4 e6 6. Qe2 Ngf6 7. d4 Nxe4 8.
Qxe4 Nf6 9. Qe2 Bd6 10. Bg5 h6 11. Bh4 Qa5+ 12. c3 Nd5 13. O-O O-O 14. Bg3 Qc7
15. Rfe1 b6 16. Bb3 Bb7 17. Bc2 Bxg3 18. hxg3 c5 19. dxc5 bxc5 20. Rad1 Rab8
21. Rd2 Rfd8 22. Red1 Re8 23. Ne5 Ba6 24. Qxa6 Qxe5 25. Qxa7 Nb6 26. Qa6 c4 27.
Bb1 Qc5 28. Rd6 Nd5 29. Rc6 Qe7 30. Rxc4 Rxb2 31. Rc8 Rb8 32. Rxe8+ Qxe8 33.
Qd3 g6 34. c4 Nb4 35. Qd2 Na6 36. Qxh6 Qa4 37. Rc1 Qa5 38. Bxg6 fxg6 39. Qxg6+
Kh8 40. Qh6+ Kg8 41. Qxe6+ 1-0

[Event "5th LCT Open A"]
[Site "Leiden NED"]
[Date "2011.07.09"]
[Round "2"]
[White "Kerkvliet, Max"]
[Black "Senlle Caride, Miguel"]
[Result "1-0"]
[WhiteElo "1984"]
[BlackElo "2271"]
[PlyCount "77"]
[EventDate "2011.07.08"]

1. d4 Nf6 2. c4 c6 3. Nc3 d5 4. Nf3 a6 5. cxd5 cxd5 6. Bf4 Nc6 7. e3 e6 8. Bd3
Bd6 9. Bg3 O-O 10. O-O Bxg3 11. hxg3 b5 12. Rc1 Bb7 13. Bb1 Rc8 14. Nd2 e5 15.
dxe5 Nxe5 16. Nb3 Nc4 17. Qe2 Qb6 18. Nd4 Rfe8 19. Rfd1 Rc7 20. b3 Nd6 21. a4
Rec8 22. Qe1 b4 23. Na2 a5 24. Bd3 Nfe4 25. Rxc7 Rxc7 26. Rc1 g6 27. f3 Nc5 28.
Bf1 Re7 29. Qd2 Ne6 30. Kf2 Nxd4 31. Qxd4 Qxd4 32. exd4 Nf5 33. Rc5 Nxd4 34.
Rxa5 Nxb3 35. Ra7 Nc5 36. Nxb4 Re6 37. a5 Kg7 38. a6 Rb6 39. Rxb7 1-0

[Event "5th LCT Open A"]
[Site "Leiden NED"]
[Date "2011.07.10"]
[Round "3"]
[White "Vishnu Prasanna, V."]
[Black "Polak, Tomas"]
[Result "1/2-1/2"]
[WhiteElo "2340"]
[BlackElo "2540"]
[PlyCount "55"]
[EventDate "2011.07.08"]

1. e4 c6 2. d4 d5 3. e5 Bf5 4. Nf3 e6 5. Be2 Nd7 6. O-O Bg6 7. Nbd2 Nh6 8. Nb3
Rc8 9. Bd2 Be7 10. a4 O-O 11. a5 a6 12. c4 Kh8 13. Re1 Nf5 14. Rc1 h5 15. Bf1
Bh7 16. h3 h4 17. Rc3 Bg6 18. Bd3 Re8 19. Qb1 Bb4 20. Rcc1 Bxd2 21. Nfxd2 Qg5
22. Rc3 Nxd4 23. Nxd4 Qxd2 24. Bxg6 fxg6 25. Nf3 Qh6 26. cxd5 cxd5 27. Qc2 Rcd8
28. Rc7 1/2-1/2

[Event "5th LCT Open A"]
[Site "Leiden NED"]
[Date "2011.07.10"]
[Round "3"]
[White "Padurariu, Ioana-Smaranda"]
[Black "Van Ketel, Raoul"]
[Result "1/2-1/2"]
[WhiteElo "2164"]
[BlackElo "2311"]
[PlyCount "65"]
[EventDate "2011.07.08"]

1. e4 e6 2. d4 d5 3. Nc3 Nf6 4. e5 Nfd7 5. f4 c5 6. Nf3 Nc6 7. Be3 Be7 8. Qd2
O-O 9. Be2 a6 10. O-O b5 11. Nd1 Qb6 12. c3 a5 13. Bd3 b4 14. f5 Ba6 15. f6
gxf6 16. Bh6 cxd4 17. cxb4 Bxd3 18. Qxd3 Ndxe5 19. Nxe5 Nxe5 20. Qg3+ Ng6 21.
Bxf8 Kxf8 22. bxa5 Rxa5 23. Nf2 Qxb2 24. a4 Kg7 25. Nd3 Qd2 26. Qc7 Qc3 27. Qb6
Ra8 28. Rfd1 e5 29. Qb7 Qa5 30. Rdb1 Ra7 31. Qb8 Ra8 32. Qb7 Ra7 33. Qb8
1/2-1/2

[Event "5th LCT Open A"]
[Site "Leiden NED"]
[Date "2011.07.10"]
[Round "3"]
[White "Llaneza Vega, Marcos"]
[Black "Vistisen, Lars"]
[Result "1-0"]
[WhiteElo "2465"]
[BlackElo "2201"]
[PlyCount "59"]
[EventDate "2011.07.08"]

1. e4 e5 2. Nf3 Nc6 3. Bb5 f5 4. Bxc6 dxc6 5. O-O fxe4 6. Nxe5 Qd4 7. Ng4 h5 8.
Ne3 Nf6 9. d3 Bd6 10. dxe4 Qxe4 11. Nd2 Qg6 12. Ndc4 O-O 13. Nxd6 cxd6 14. Qxd6
h4 15. f4 Bf5 16. Nxf5 Qxf5 17. Qd3 Ne4 18. Be3 Kh8 19. Rad1 Rf7 20. Bd4 Rd7
21. Rfe1 Re8 22. Qf3 a6 23. Be5 Rxd1 24. Rxd1 h3 25. g4 Ng5 26. Qe2 Rxe5 27.
fxe5 Qxe5 28. Qxe5 Nf3+ 29. Kf2 Nxe5 30. Kg3 1-0

[Event "5th LCT Open A"]
[Site "Leiden NED"]
[Date "2011.07.10"]
[Round "3"]
[White "Hasangatin, Ramil"]
[Black "Ducarmon, Quinten"]
[Result "1/2-1/2"]
[WhiteElo "2515"]
[BlackElo "2352"]
[PlyCount "48"]
[EventDate "2011.07.08"]

1. d4 d5 2. Bg5 h6 3. Bh4 c6 4. Nc3 Qb6 5. Rb1 Bf5 6. e3 e6 7. Bd3 Bxd3 8. cxd3
Ne7 9. Na4 Qb4+ 10. Ke2 Nf5 11. Bg3 Nxg3+ 12. hxg3 Nd7 13. Nf3 Bd6 14. a3 Qa5
15. b4 Qc7 16. Qb3 O-O 17. Rhc1 b6 18. Rc2 Rfc8 19. Rbc1 Qb7 20. Nc3 a6 21. e4
b5 22. Kf1 a5 23. Kg1 axb4 24. axb4 Ra6 1/2-1/2

[Event "5th LCT Open A"]
[Site "Leiden NED"]
[Date "2011.07.10"]
[Round "3"]
[White "Van Der Laan, Dinard"]
[Black "Segers, Hans"]
[Result "0-1"]
[WhiteElo "2277"]
[BlackElo "2066"]
[PlyCount "70"]
[EventDate "2011.07.08"]

1. e4 e5 2. f4 exf4 3. Nf3 d6 4. d4 g5 5. Nc3 Nc6 6. d5 Ne5 7. h4 g4 8. Nxe5
dxe5 9. Bb5+ Bd7 10. Qxg4 c6 11. Qh5 Bd6 12. dxc6 bxc6 13. Bc4 Qe7 14. Bd2 Nf6
15. Qf3 Rg8 16. Ne2 Bg4 17. Qd3 Rd8 18. O-O-O Bc5 19. Qb3 Bxe2 20. Bxe2 Rxg2
21. Ba5 Be3+ 22. Kb1 Rxd1+ 23. Rxd1 Kf8 24. Bd8 Qe6 25. Qb8 Kg7 26. Ba6 Nxe4
27. a3 Rg1 28. Rxg1+ Bxg1 29. Bc7 f6 30. Qd8 Bc5 31. Qd3 Qd5 32. Qh3 Qd1+ 33.
Ka2 Nd2 34. Qd7+ Kh6 35. Bd3 Qb1# 0-1

[Event "5th LCT Open A"]
[Site "Leiden NED"]
[Date "2011.07.10"]
[Round "3"]
[White "Wantola, Ivo"]
[Black "Deepan, Chakkravarthy J"]
[Result "0-1"]
[WhiteElo "2333"]
[BlackElo "2470"]
[PlyCount "89"]
[EventDate "2011.07.08"]

1. Nf3 g6 2. c4 Bg7 3. d4 Nf6 4. g3 O-O 5. Bg2 d5 6. cxd5 Nxd5 7. O-O Nb6 8.
Nc3 Nc6 9. e3 Re8 10. d5 Na5 11. Nd4 Bd7 12. b3 c6 13. e4 cxd5 14. exd5 Rc8 15.
Bb2 Nbc4 16. bxc4 Qb6 17. Na4 Bxa4 18. Qxa4 Qxb2 19. Qxa5 Bxd4 20. Rab1 Bxf2+
21. Kh1 Qe2 22. Rxb7 Bc5 23. d6 Bxd6 24. Qd5 Rf8 25. Rxa7 Rc5 26. Qb7 Rxc4 27.
Ra8 Rc2 28. a4 Ra2 29. Rxf8+ Kxf8 30. Qd5 f6 31. a5 Kg7 32. Qa8 Qb5 33. Qc6
Qxa5 34. Qf3 Qe5 35. Rf2 Qe1+ 36. Rf1 Qd2 37. Rb1 h5 38. Rd1 Qb2 39. Qd5 Qe2
40. Rg1 Rd2 41. Qa5 Qf2 42. Qa8 h4 43. Rf1 Qe2 44. Qf3 Qxf3 45. Rxf3 0-1

[Event "5th LCT Open A"]
[Site "Leiden NED"]
[Date "2011.07.11"]
[Round "4"]
[White "Deepan, Chakkravarthy J"]
[Black "Van Den Doel, Erik"]
[Result "1/2-1/2"]
[WhiteElo "2470"]
[BlackElo "2574"]
[PlyCount "38"]
[EventDate "2011.07.08"]

1. e4 e5 2. Nf3 Nc6 3. Bb5 a6 4. Ba4 Nf6 5. O-O Be7 6. d3 b5 7. Bb3 d6 8. a4
Bd7 9. c3 O-O 10. Re1 Na5 11. Bc2 c5 12. Nbd2 Qc7 13. Nf1 b4 14. Ne3 Rab8 15.
h3 Rfe8 16. d4 Bf8 17. dxe5 dxe5 18. c4 Nc6 19. b3 Nd4 1/2-1/2

[Event "5th LCT Open A"]
[Site "Leiden NED"]
[Date "2011.07.11"]
[Round "4"]
[White "Tiviakov, Sergei"]
[Black "Van Der Wiel, John T.H"]
[Result "1/2-1/2"]
[WhiteElo "2623"]
[BlackElo "2451"]
[PlyCount "270"]
[EventDate "2011.07.08"]

1. e4 e5 2. Nf3 Nc6 3. Bb5 a6 4. Ba4 Nf6 5. d3 d6 6. c3 g6 7. Bg5 Bg7 8. Nbd2
h6 9. Bh4 Bd7 10. Nf1 Ne7 11. Bb3 Nh5 12. Ne3 Bf6 13. Bxf6 Nxf6 14. d4 exd4 15.
Qxd4 Nc6 16. Qd3 Qe7 17. Nd2 Ne5 18. Qe2 Bc6 19. f3 O-O-O 20. O-O-O Rhe8 21. c4
Nh5 22. Ndf1 f5 23. exf5 gxf5 24. Nxf5 Qg5+ 25. N5e3 Nf4 26. Qc2 Nxf3 27. gxf3
Bxf3 28. h4 Qc5 29. Qf2 Ne2+ 30. Kb1 Rf8 31. Qh2 Rde8 32. Ng2 Qf2 33. Nfe3 Ng3
34. Rhf1 Nxf1 35. Rxf1 Be4+ 36. Kc1 Qxf1+ 37. Nxf1 Rxf1+ 38. Bd1 Bxg2 39. Qxg2
Ree1 40. Qg8+ Kd7 41. Kc2 Rxd1 42. Qg2 Rc1+ 43. Kb3 Rf4 44. Qxb7 Rcxc4 45. Qxa6
Rb4+ 46. Kc3 Rxh4 47. b3 c5 48. Qf1 Rbf4 49. Qb5+ Ke7 50. Qe2+ Re4 51. Qd3 h5
52. a4 c4 53. Qf3 cxb3 54. Kxb3 Rb4+ 55. Kc3 Rxa4 56. Qf5 Rh3+ 57. Kb2 Rb4+ 58.
Ka2 Rg4 59. Qd5 Re3 60. Qb7+ Kf6 61. Qb2+ Ke6 62. Qc2 Ke5 63. Qh2+ Ke4 64. Kb2
h4 65. Qc2+ Kf3 66. Qd1+ Re2+ 67. Kc3 Kf2 68. Qxd6 Rg3+ 69. Kb4 h3 70. Qf6+ Kg2
71. Qc6+ Rf3 72. Qg6+ Kf1 73. Qg4 Rfe3 74. Qf5+ Ke1 75. Qb1+ Kf2 76. Qf5+ Rf3
77. Qh5 Re4+ 78. Ka5 Kg3 79. Qg6+ Rg4 80. Qd6+ Rgf4 81. Qg6+ Kh2 82. Qc2+ Rf2
83. Qg6 Rf5+ 84. Ka4 R2f4+ 85. Kb3 Re5 86. Qc2+ Kg3 87. Qg6+ Kf2 88. Qd6 Re3+
89. Kc2 Kg3 90. Qg6+ Rg4 91. Qd6+ Kf3 92. Qd5+ Rge4 93. Qh5+ Kg2 94. Qg6+ Kh1
95. Kd2 h2 96. Qg5 Re2+ 97. Kc3 Rg2 98. Qd5 Re3+ 99. Kb4 Kg1 100. Qd1+ Kf2 101.
Qc2+ Re2 102. Qc5+ Kf1 103. Qc1+ Re1 104. Qf4+ Rf2 105. Qc4+ Kg1 106. Qg4+ Rg2
107. Qd4+ Kh1 108. Qd5 Rb1+ 109. Ka4 Rf1 110. Qe4 Kg1 111. Qe3+ Rgf2 112. Qg5+
Kh1 113. Qd5+ Rf3 114. Qc6 Kg2 115. Qc2+ R1f2 116. Qg6+ Rg3 117. Qe4+ Rff3 118.
Qc2+ Kg1 119. Qd1+ Rf1 120. Qd4+ Kg2 121. Qe4+ Rff3 122. Qc2+ Kg1 123. Qd1+ Rf1
124. Qd4+ Rf2 125. Qd1+ Kg2 126. Qd5+ Rgf3 127. Qg5+ Kf1 128. Qc1+ Ke2 129.
Qc2+ Ke3 130. Qc3+ Ke4 131. Qc4+ Kf5 132. Qf7+ Ke5 133. Qc7+ Kd4 134. Qd6+ Kc3
135. Qa3+ Kc2 1/2-1/2

[Event "5th LCT Open A"]
[Site "Leiden NED"]
[Date "2011.07.11"]
[Round "4"]
[White "Meng, Roger"]
[Black "Farrand, Julian T"]
[Result "0-1"]
[WhiteElo "2282"]
[BlackElo "2124"]
[PlyCount "56"]
[EventDate "2011.07.08"]

1. d4 d6 2. Nf3 f5 3. c4 Nf6 4. g3 g6 5. Bg2 Bg7 6. O-O O-O 7. Nc3 Nc6 8. d5
Ne5 9. Nxe5 dxe5 10. e4 f4 11. b4 g5 12. Qd3 a6 13. a4 Qe8 14. f3 h5 15. a5 Qg6
16. b5 g4 17. gxf4 exf4 18. fxg4 Nxg4 19. Bxf4 axb5 20. Bxc7 Rxf1+ 21. Rxf1
bxc4 22. Qd2 Bd7 23. Ne2 Rc8 24. Bb6 c3 25. Qa2 Qd6 26. Nf4 c2 27. e5 Bxe5 28.
Nd3 Bd4+ 0-1

[Event "5th LCT Open A"]
[Site "Leiden NED"]
[Date "2011.07.11"]
[Round "4"]
[White "Van Helvoort, Rob"]
[Black "Erwich, Frank"]
[Result "1/2-1/2"]
[WhiteElo "2190"]
[BlackElo "2360"]
[PlyCount "88"]
[EventDate "2011.07.08"]

1. e4 e5 2. Nf3 Nc6 3. d4 exd4 4. Nxd4 Bb4+ 5. c3 Bc5 6. Nb3 Bb6 7. a4 a6 8. a5
Ba7 9. Qf3 d6 10. Be3 Nf6 11. Bxa7 Rxa7 12. N1d2 O-O 13. Be2 d5 14. O-O Re8 15.
exd5 Bg4 16. dxc6 Bxf3 17. Bxf3 Qb8 18. Ra4 b5 19. axb6 cxb6 20. g3 h5 21. h4
g6 22. Rd4 a5 23. Rf4 Kg7 24. Nc4 b5 25. Ncxa5 Qb6 26. Nb7 Ra2 27. N3c5 Qc7 28.
Rd1 Rxb2 29. Kg2 Re7 30. Nd3 Rb3 31. Nb4 Re6 32. Na6 Qb6 33. Nac5 Rb2 34. Nxe6+
fxe6 35. Rf1 e5 36. Rxf6 Kxf6 37. Nd6 Ke6 38. Ne4 Ke7 39. Ra1 Qxc6 40. Ra7+ Kd8
41. Rf7 Qb6 42. Rh7 Rc2 43. Rh8+ Ke7 44. Rh7+ Kd8 1/2-1/2

[Event "5th LCT Open A"]
[Site "Leiden NED"]
[Date "2011.07.11"]
[Round "4"]
[White "Van Dongen, Cor"]
[Black "Padurariu, Ioana-Smaranda"]
[Result "0-1"]
[WhiteElo "2381"]
[BlackElo "2164"]
[PlyCount "76"]
[EventDate "2011.07.08"]

1. c4 Nf6 2. g3 e6 3. Bg2 d5 4. Nf3 Be7 5. O-O O-O 6. b3 c5 7. Bb2 Nc6 8. e3
dxc4 9. bxc4 Rb8 10. Nc3 b6 11. Qe2 Ba6 12. Rfd1 Rb7 13. Ng5 Qc8 14. h4 Rd7 15.
Nce4 e5 16. Nxf6+ Bxf6 17. Bh3 Qc7 18. Bxd7 Qxd7 19. Bc3 h6 20. Ne4 Be7 21. d3
f5 22. Nd2 Bb7 23. Nf1 f4 24. exf4 exf4 25. Re1 Rf7 26. gxf4 Nd4 27. Bxd4 Qh3
28. f3 cxd4 29. Qg2 Qxh4 30. Qg4 Rxf4 31. Qxh4 Bxh4 32. Re8+ Kf7 33. Rb8 Bxf3
34. Nh2 Be2 35. Rb7+ Kg6 36. Rxa7 Bxd3 37. Ra6 Bf2+ 38. Kg2 Be4+ 0-1

[Event "5th LCT Open A"]
[Site "Leiden NED"]
[Date "2011.07.11"]
[Round "4"]
[White "Ducarmon, Quinten"]
[Black "Llaneza Vega, Marcos"]
[Result "0-1"]
[WhiteElo "2352"]
[BlackElo "2465"]
[PlyCount "78"]
[EventDate "2011.07.08"]

1. e4 c5 2. Nf3 d6 3. d4 Nf6 4. Nc3 cxd4 5. Nxd4 Nc6 6. Bg5 e6 7. Qd2 a6 8.
O-O-O h6 9. Nxc6 bxc6 10. Bf4 d5 11. Qe3 Qa5 12. Be2 Bb4 13. Be5 Be7 14. Kb1
O-O 15. Qg3 Ne8 16. Bd3 Bf6 17. Bxf6 Nxf6 18. f4 Rb8 19. e5 Nh5 20. Qf3 Nxf4
21. Qxf4 Qxc3 22. b3 c5 23. Rhf1 Qb4 24. c4 Bb7 25. cxd5 Bxd5 26. Qxb4 Rxb4 27.
Bxa6 Bxg2 28. Rfe1 Bd5 29. Rc1 Ra8 30. Bf1 Rf4 31. Kb2 Ra5 32. Bd3 g5 33. Re2
Rd4 34. Bb1 c4 35. Kc3 Rf4 36. Kb4 Ra8 37. bxc4 Rb8+ 38. Kc5 Bxc4 39. Rd2 Bxa2
0-1

[Event "5th LCT Open A"]
[Site "Leiden NED"]
[Date "2011.07.12"]
[Round "5"]
[White "Wantola, Ivo"]
[Black "Tiviakov, Sergei"]
[Result "0-1"]
[WhiteElo "2333"]
[BlackElo "2623"]
[PlyCount "92"]
[EventDate "2011.07.08"]

1. Nf3 Nf6 2. c4 b6 3. g3 Bb7 4. Bg2 e6 5. O-O c6 6. b3 Be7 7. Bb2 O-O 8. d3 d5
9. Nbd2 c5 10. Ne5 Nbd7 11. f4 Nxe5 12. fxe5 Ng4 13. e4 Ne3 14. Qe2 Nxf1 15.
Rxf1 d4 16. h4 Qc7 17. Nf3 f6 18. exf6 Rxf6 19. e5 Rf7 20. Bc1 Raf8 21. Bf4 h6
22. h5 Qd7 23. Nd2 Bxg2 24. Kxg2 Rf5 25. Ne4 Qe8 26. Rh1 b5 27. Qg4 Kh8 28.
cxb5 Qxb5 29. Qe2 a5 30. Rc1 Qe8 31. Rh1 a4 32. bxa4 Qxa4 33. Rc1 Qa3 34. Rb1
c4 35. dxc4 d3 36. Qb2 Qa8 37. Qb7 Qxa2+ 38. Rb2 Qxc4 39. Nd2 Qc3 40. Rb3 Qc2
41. Rb2 Qc5 42. Rb5 Qc8 43. Qxe7 Qc6+ 44. Nf3 Qxb5 45. Nh4 Qc6+ 46. Kh2 Re8 0-1